| 000 | 01486cab a2200409 4500 | ||
|---|---|---|---|
| 001 | ABS47380 | ||
| 008 | 090401t1992 xxu||||| |||| 00| 0 eng d | ||
| 035 | _a(Sirsi) u61785 | ||
| 041 | _aeng | ||
| 245 | _aDoors and windows | ||
| 260 | _c1992 | ||
| 300 | _aLOAN | ||
| 350 | _a0 | ||
| 490 |
_aBuilding _v30 October 1992, (42) |
||
| 520 | _aFeatures emergency doors and escape routes, window replacment when carrying out repairs to historic buildings, security aspects, window film, automatic doors aimed at improving access for disabled, roof windows and a summary of changes in Building Regulations for attic conversions. Case studies include the supply of 4500 doors for the Westminster and Chelsea Hospital and the restoration of historic windows at Governors` Hall, St Thomas` Hospital, Lambeth and the Royal Marsden Hosptital, Fulham. Product summary. | ||
| 650 | _aACCESS | ||
| 650 | _aATTICS | ||
| 650 | _aAUTOMATIC DOORS | ||
| 650 |
_aBUILDING REGULATIONS _96224 |
||
| 650 | _aDISABLED | ||
| 650 | _aDOORS | ||
| 650 | _aEMERGENCY DOORS | ||
| 650 | _aESCAPE ROUTES | ||
| 650 | _aFILMS | ||
| 650 | _aGLASS AND GLAZING | ||
| 650 | _aHISTORIC BUILDINGS | ||
| 650 | _aLOFTS | ||
| 650 | _aPOLYESTER FILMS | ||
| 650 | _aBUILT ENVIRONMENT-BUILDING MAINTENANCE AND REFURBISHMENT | ||
| 650 | _aREPAIRS | ||
| 650 | _aSECURITY FILMS | ||
| 650 | _aSECURITY | ||
| 650 | _aWINDOWS | ||
| 690 | _aBUILT ENVIRONMENT | ||
| 942 | _n0 | ||
| 948 | _c04/03/1997 | ||
| 999 |
_c38316 _d38316 |
||